01206nam a2200349 a 450000100060000000300080000600500170001400600190003100700150005000800410006502000180010602000180012403500230014203500240016503500250018903500220021404000260023605000220026208000070028408200120029111000410030324501430034426000370048730000110052453301640053565000150069965000170071465500270073171000190075885600620077799900170083958611FlNmELB20241216233026.0m o d | cr cn|||||||||130205r2012 sp |||||s|||||||||||spa d z9788415730781 z9781449288471 a(MiAaPQ)EBC3211547 a(Au-PeEL)EBL3211547 a(CaPaEBR)ebr10692802 a(OCoLC)1010726299 aFlNmELBbspacFlNmELB 4aLB14.7bI584 2012 a3704a3702232 aInnovación y Cualificación, S.L.10aGuía para el docente y solucionariosh[recurso electronico]bactividades auxiliares de almacén /cInnovación y Cualificación, S.L. aMálaga :bIC Editorial,c2012. a118 p. aRecurso electrónico. Santa Fe, Arg.: e-libro, 2015. Disponible vía World Wide Web. El acceso puede estar limitado para las bibliotecas afiliadas a e-libro. 0aEducation. 4aEducación. 4aLibros electrónicos.2 ae-libro, Corp.40uhttps://elibro.net/ereader/politecnicointernacional/42721 c58611d58611